000 01221nam a2200289 i 4500
001 bg
245 0 0 _aEkonomia :
_baspekty konkurencji na rynku w procesie globalizacji : praca zbiorowa.
_nCz. 2,
_pKonkurencyjność podmiotów /
_cred. Joanna Żyra.
260 _aKraków :
_bWydawnictwo Politechniki Krakowskiej,
_c2006.
300 _a230 s. :
_bil. ;
_c24 cm.
490 1 _aMonografia / Politechnika Krakowska im. Tadeusza Kościuszki. Nauki Humanistyczne, Społeczne i Ekonomiczne
500 _aISSN i numeracja serii gł.: 0860-097X ; 344.
504 _aBibliogr. przy pracach.
546 _aTekst częśc. ang.
650 9 _aGlobalizacja
650 9 _aPrzedsiębiorstwo
_xkonkurencyjność
651 9 _aPolska
_xgospodarka
_xkonkurencyjność
_yod 1989 r.
700 1 _aŻyra, Joanna.
_eRed.
830 0 _aMonografia - Politechnika Krakowska im. Tadeusza Kościuszki.
_pNauki Humanistyczne, Społeczne i Ekonomiczne
830 0 _aMonografia - Politechnika Krakowska im. Tadeusza Kościuszki
_x0860-097X
_v344
015 _aPB 26370/2007
040 _cBPK
041 0 _apol
044 _aPOL
080 _a338.22(438)"1989/...":339.137:005.44
942 _cKS
008 070802s2006 pl a |000 0 pol
999 _c55040
_d55040
856 _uhttp://koha.tu.koszalin.pl/cgi-bin/koha/opac-detail.pl?biblionumber=55040
_yKatalog online BPK